| 000 | 01266nam a2200361 a 4500 | ||
|---|---|---|---|
| 001 | 000021195 | ||
| 005 | 20200930011247.0 | ||
| 008 | 100901s1993 ck r 000 j spa d | ||
| 020 | _a9586121216 | ||
| 040 |
_aDO-SdBNP _bspa _cBNPHU |
||
| 082 |
_aCo863.44 _bM939n |
||
| 245 | 0 | 0 |
_aNarradores colombianos en U.S.A. : _bantología / _cEduardo Márceles Daconte... [et al]. |
| 260 |
_aBogotá, (Colombia) : _bEscritores Colombianos en la Diáspora, _c1993. |
||
| 300 |
_a236 p. ; _c20 cm. |
||
| 490 |
_aColombianos en la Diáspora _v1 |
||
| 500 | _aIncluye bi-bibliografías | ||
| 650 | 4 |
_aCuentos colombianos _921475 |
|
| 650 | 4 |
_aLiteratura colombiana _91244 |
|
| 650 | 4 |
_aAutores colombianos _xBiografías _91805 |
|
| 700 | 1 |
_aZalamea, Luis. _944307 |
|
| 700 | 1 |
_aTrezza, Vicente. _944308 |
|
| 700 | 1 |
_aMárceles Daconte. _944309 |
|
| 700 | 1 |
_aVega Jácome. _944310 |
|
| 700 | 1 |
_aRomero, Armando. _944311 |
|
| 700 | 1 |
_aFálquez-Certain, Miguel. _943073 |
|
| 700 | 1 |
_aGarrido, Plinio. _944312 |
|
| 700 | 1 |
_aManrique, Jaime. _944313 |
|
| 700 | 1 |
_aGonzález, Tomás. _944314 |
|
| 700 | 1 |
_aFiorillo, Heriberto. _944315 |
|
| 700 | 1 |
_aMartínez Palau, Silvio. _944316 |
|
| 700 | 1 |
_aArango Franco, Alfredo. _944317 |
|
| 700 | 1 |
_aRomero de Mosquera, Freda. _944318 |
|
| 999 |
_c20696 _d20696 |
||